[Event "Regionalliga SW 0607"]
[Site "Bayern"]
[Date "2007.03.18"]
[Round "7.1"]
[White "Dengler, Peter"]
[Black "Herich, Manfred"]
[Result "1/2-1/2"]
[WhiteElo "2262"]
[BlackElo "2229"]
[PlyCount "67"]
[EventDate "2006.10.15"]
[EventType "team-tourn"]
[EventRounds "9"]
[EventCountry "GER"]
[SourceTitle "EXT 2008"]
[Source "ChessBase"]
[SourceDate "2007.11.25"]
[SourceVersion "1"]
[SourceVersionDate "2007.11.25"]
[SourceQuality "1"]
[WhiteTeam "Unterhaching"]
[BlackTeam "Bayern Muenchen III"]
[WhiteTeamCountry "GER"]
[BlackTeamCountry "GER"]

1. d4 Nf6 2. Bf4 d5 3. e3 Bf5 4. c4 c6 5. Nc3 e6 6. Nf3 Nbd7 7. h3 dxc4 8. Bxc4 Nd5 9. Bg3 Qa5 10. 0-0 Nxc3 11. bxc3 Qxc3 12. Rc1 Qa3 13. Qe2 Nf6 14. Be5 Be7 15. Bxf6 gxf6 16. e4 Bg6 17. d5 exd5 18. exd5 cxd5 19. Bxd5 0-0 20. Nh4 Bd6 21. Qg4 Kh8 22. Bxb7 Rab8 23. Bd5 Rb4 24. Nxg6+ hxg6 25. Rc4 Kg7 26. Rxb4 Bxb4 27. Qd7 Bc5 28. Bb3 Qb2 29. h4 Qe2 30. Qd5 Bb6 31. g3 Qe7 32. Rd1 Rd8 33. Qf3 Rxd1+ 34. Qxd1 1/2-1/2

[Event "Regionalliga SW 0607"]
[Site "Bayern"]
[Date "2006.11.19"]
[Round "3.1"]
[White "Bogdanov, Andrej"]
[Black "Dengler, Peter"]
[Result "1/2-1/2"]
[WhiteElo "2065"]
[BlackElo "2262"]
[PlyCount "120"]
[EventDate "2006.10.15"]
[EventType "team-tourn"]
[EventRounds "9"]
[EventCountry "GER"]
[SourceTitle "EXT 2008"]
[Source "ChessBase"]
[SourceDate "2007.11.25"]
[SourceVersion "1"]
[SourceVersionDate "2007.11.25"]
[SourceQuality "1"]
[WhiteTeam "Muenchen Schwabing"]
[BlackTeam "Unterhaching"]
[WhiteTeamCountry "GER"]
[BlackTeamCountry "GER"]

1. e4 c5 2. Nf3 d6 3. Bb5+ Bd7 4. Bxd7+ Nxd7 5. 0-0 Ngf6 6. Re1 e6 7. c3 Be7 8. d4 0-0 9. e5 dxe5 10. dxe5 Nd5 11. c4 Nb4 12. Bd2 Nd3 13. Re4 N3xe5 14. Nxe5 Nxe5 15. Rxe5 Bf6 16. Qe1 Bxe5 17. Qxe5 Qd4 18. Bc3 Qxe5 19. Bxe5 f6 20. Bc3 Rfd8 21. Nd2 Rd7 22. Kf1 Kf7 23. Ke2 b6 24. a4 a5 25. Nf1 Rc8 26. Ne3 h5 27. f4 Rc6 28. Rf1 Rcd6 29. Rf3 Re7 30. Rh3 Kg6 31. Rf3 Kf7 32. Nf1 Red7 33. Nd2 Kg6 34. Rf1 Kf5 35. Rf3 Kg6 36. g3 Kf5 37. h3 Rd8 38. Nf1 Kg6 39. Ne3 Re8 40. Rf2 Kf7 41. g4 hxg4 42. hxg4 Rh8 43. g5 Rh1 44. gxf6 gxf6 45. f5 exf5 46. Nxf5 Re6+ 47. Kd3 Rh3+ 48. Kc2 Kg6 49. Bd2 Re4 50. Nd6 Rd4 51. Bf4 f5 52. Be5 Rg4 53. Rxf5 Rxc4+ 54. Nxc4 Kxf5 55. Bc7 Ke4 56. Bxb6 Kd5 57. b3 Rh4 58. Nd2 c4 59. Nxc4 Rxc4+ 60. bxc4+ Kxc4 1/2-1/2

[Event "Regionalliga SW 0607"]
[Site "Bayern"]
[Date "2006.10.29"]
[Round "2.1"]
[White "Dengler, Peter"]
[Black "Buchner, Rudolf"]
[Result "0-1"]
[WhiteElo "2262"]
[BlackElo "2137"]
[PlyCount "74"]
[EventDate "2006.10.15"]
[EventType "team-tourn"]
[EventRounds "9"]
[EventCountry "GER"]
[SourceTitle "EXT 2008"]
[Source "ChessBase"]
[SourceDate "2007.11.25"]
[SourceVersion "1"]
[SourceVersionDate "2007.11.25"]
[SourceQuality "1"]
[WhiteTeam "Unterhaching"]
[BlackTeam "Muenchen Tarrasch II"]
[WhiteTeamCountry "GER"]
[BlackTeamCountry "GER"]

1. e4 e5 2. Nf3 Nc6 3. Bc4 Be7 4. 0-0 Nf6 5. d3 0-0 6. Bg5 d6 7. Nbd2 Ng4 8. Bxe7 Qxe7 9. c3 Be6 10. b4 Nd8 11. g3 c6 12. Nh4 Nf6 13. Nf5 Bxf5 14. exf5 d5 15. Bb3 Nd7 16. Qg4 Kh8 17. Rae1 Qd6 18. f4 f6 19. fxe5 fxe5 20. Nf3 Nf7 21. Qh4 Rae8 22. g4 Nh6 23. Qg3 a5 24. a3 axb4 25. axb4 Nf7 26. g5 e4 27. dxe4 Qxg3+ 28. hxg3 dxe4 29. g6 Nfe5 30. Nxe5 Rxe5 31. gxh7 Nf6 32. Rf4 Rd8 33. g4 Rd3 34. Kg2 Rxc3 35. Bf7 Rf3 36. Ra1 Rxf4 37. Ra8+ Kxh7 0-1

[Event "Regionalliga SW 0607"]
[Site "Bayern"]
[Date "2006.10.15"]
[Round "1.2"]
[White "Dengler, Peter"]
[Black "Lang, Marc"]
[Result "1/2-1/2"]
[WhiteElo "2262"]
[BlackElo "2240"]
[PlyCount "54"]
[EventDate "2006.10.15"]
[EventType "team-tourn"]
[EventRounds "9"]
[EventCountry "GER"]
[SourceTitle "EXT 2008"]
[Source "ChessBase"]
[SourceDate "2007.11.25"]
[SourceVersion "1"]
[SourceVersionDate "2007.11.25"]
[SourceQuality "1"]
[WhiteTeam "Unterhaching"]
[BlackTeam "Dillingen"]
[WhiteTeamCountry "GER"]
[BlackTeamCountry "GER"]

1. e4 e6 2. d4 d5 3. Nd2 Nf6 4. e5 Nfd7 5. Bd3 c5 6. c3 Nc6 7. Ne2 cxd4 8. cxd4 f6 9. exf6 Nxf6 10. 0-0 Bd6 11. Nf3 Qc7 12. h3 0-0 13. Nc3 a6 14. Re1 Bd7 15. Bd2 e5 16. dxe5 Nxe5 17. Nxe5 Bxe5 18. Rc1 Bc6 19. Bg5 Rad8 20. Qb3 h6 21. Be3 Qf7 22. Bb6 Nd7 23. Rc2 Rde8 24. Rce2 Nxb6 25. Qxb6 Qf4 26. g3 Qd4 27. Qxd4 Bxd4 1/2-1/2